| 000 | 00616cam a22002173a 4500 | ||
|---|---|---|---|
| 001 | 45857 | ||
| 003 | PGUSA | ||
| 005 | 20140828084051.0 | ||
| 008 | 140601s2014||||xxu|||||s|||||000 | eng d | ||
| 040 |
_aPGUSA _beng |
||
| 042 | _adc | ||
| 100 | 1 |
_aVandérem, Fernand, _d1864-1939 |
|
| 245 | 1 | 0 |
_aTwo banks of the Seine _h[electronic resource] / _cFernand Vandérem |
| 260 |
_bProject Gutenberg, _c2014 |
||
| 506 | _aPublic domain in the USA. | ||
| 516 | _aElectronic text | ||
| 700 | 1 | _aRaffalovich, George | |
| 830 | 0 |
_aProject Gutenberg _v45857 |
|
| 856 | 4 | 0 | _uhttp://www.gutenberg.org/ebooks/45857 |
| 942 | _cEB | ||
| 999 |
_c275107 _d275107 |
||